Re - conceptualización espacial de Conservatorio de Castella : fábrica de sueños...
Salvato in:
| Autore principale: | |
|---|---|
| Altri autori: | |
| Natura: | Sconosciuto |
| Lingua: | Spanish |
| Pubblicazione: |
[San José,Costa Rica]
2013
|
| Soggetti: | |
| Accesso online: | https://cedi.ucr.ac.cr/arquitectura/re-conceptualizacion-espacial-de-conservatorio-de-castella-fabrica-de-suenos/ |
| Tags: |
Aggiungi Tag
Nessun Tag, puoi essere il primo ad aggiungerne!!
|
MARC
| LEADER | 00000 a2200000 4500 | ||
|---|---|---|---|
| 003 | EA0045 | ||
| 005 | 20230704155226.0 | ||
| 008 | 140114s2013 cr a 000 ||spa d | ||
| 040 | |c cru CEDI | ||
| 090 | |a TFG EA-045 | ||
| 100 | |a Rojas Lorz, Mónica |9 20003 | ||
| 245 | |a Re - conceptualización espacial de Conservatorio de Castella : fábrica de sueños... | ||
| 260 | |a [San José,Costa Rica] |c 2013 | ||
| 500 | |a Tesis (licenciatura en arquitectura)--Universidad de Costa Rica. Facultad de Ingeniería. Escuela de Arquitectura | ||
| 501 | |a Director de Tesis de Graduación: Arq. Rolando Barahona Sotela | ||
| 650 | |x CONSERVATORIO DE CASTELLA (COSTA RICA) |x ESPACIO (ARQUITECTURA) |x DISEÑO ARQUITECTONICO |x ARQUITECTURA - DISEÑOS Y PLANOS |x REMODELACION DE EDIFICIOS |9 20004 | ||
| 700 | |9 79 |a Barahona Sotela, Rolando, 1944- |d Director del TFG | ||
| 856 | |u https://cedi.ucr.ac.cr/arquitectura/re-conceptualizacion-espacial-de-conservatorio-de-castella-fabrica-de-suenos/ |y https://cedi.ucr.ac.cr/arquitectura/re-conceptualizacion-espacial-de-conservatorio-de-castella-fabrica-de-suenos/ | ||
| 942 | |c CEDI |2 ddc | ||
| 999 | |c 12835 |d 12835 | ||
